[Event "Morbihan-ch 0607"]
[Site "Morbihan"]
[Date "2007.03.10"]
[Round "6"]
[White "Le Corre, Patrick"]
[Black "Garans, Cyrille"]
[Result "1-0"]
[WhiteElo "2006"]
[BlackElo "1620"]
[PlyCount "90"]
[EventDate "2006.10.21"]
[EventType "swiss"]
[EventRounds "7"]
[EventCountry "FRA"]
[SourceTitle "EXT 2009"]
[Source "ChessBase"]
[SourceDate "2008.11.26"]
[SourceVersion "1"]
[SourceVersionDate "2008.11.26"]
[SourceQuality "1"]

1. e4 e5 2. Nc3 Nf6 3. f4 exf4 4. e5 Ng8 5. Nf3 d5 6. d4 g5 7. Bd3 g4 8. 0-0 gxf3 9. Qxf3 Be6 10. Bxf4 Ne7 11. Bg5 Bg7 12. Qg3 Bf8 13. Qh4 Bg7 14. Bf6 Bxf6 15. exf6 Nec6 16. Rae1 Kd7 17. Bf5 Bxf5 18. Rxf5 Kc8 19. Nxd5 Re8 20. Rxe8 Qxe8 21. Qxh7 Nd7 22. c3 a5 23. h4 Kb8 24. Rg5 Ka7 25. Nxc7 Qe1+ 26. Kh2 Rf8 27. Qh6 Qf2 28. Nd5 Nd8 29. Ne3 Qf4+ 30. Kh1 Qxf6 31. Rxa5+ Kb8 32. Qxf6 Nxf6 33. Rf5 Ne4 34. Kh2 Ne6 35. Nc4 Kc7 36. Ne5 f6 37. Ng6 Rf7 38. h5 Ng7 39. Rf4 f5 40. g4 Ne6 41. Rxf5 Rxf5 42. gxf5 N6g5 43. Nf8 Nf7 44. Kh3 Nh6 45. Kh4 Kd8 1-0

[Event "FRA-chT4 0506"]
[Site "Bretagne"]
[Date "2005.12.09"]
[Round "3"]
[White "Garans, Cyrille"]
[Black "Lefebvre, Sebastien"]
[Result "1-0"]
[WhiteElo "1620"]
[BlackElo "1499"]
[PlyCount "103"]
[EventDate "2005.10.16"]
[EventType "team-tourn"]
[EventRounds "7"]
[EventCountry "FRA"]
[SourceTitle "EXT 2007"]
[Source "ChessBase"]
[SourceDate "2006.11.23"]
[SourceVersion "1"]
[SourceVersionDate "2006.11.23"]
[SourceQuality "1"]

1. e4 c6 2. d4 d5 3. e5 Bf5 4. Bd3 Bxd3 5. Qxd3 e6 6. Ne2 Ne7 7. Ng3 Ng6 8. 0-0 Be7 9. Be3 Nd7 10. Nd2 c5 11. c3 0-0 12. f4 Qb6 13. f5 c4 14. Qe2 exf5 15. Nxf5 Qxb2 16. Rfc1 Qb6 17. Qg4 Rae8 18. h4 Ba3 19. Rcb1 Qe6 20. h5 b6 21. h6 f6 22. hxg7 Rf7 23. Nh6+ Kxg7 24. Qxe6 Rxe6 25. Nxf7 Kxf7 26. Nf3 Ne7 27. Rf1 Ke8 28. Rae1 Bb2 29. Bd2 Nf5 30. exf6 Rxe1 31. Rxe1+ Kf7 32. g4 Kxf6 33. gxf5 Kxf5 34. Re7 Kg4 35. Nh2+ Kf5 36. Rxd7 Ke4 37. Kf2 Kd3 38. Ke1 Bxc3 39. Bxc3 Kc2 40. Bb4 a5 41. Bf8 c3 42. Rxd5 Kb2 43. a3 c2 44. Bh6 Kxa3 45. Bc1+ Kb3 46. Kd2 a4 47. Rb5+ Kc4 48. Rxb6 h5 49. Rd6 Kb3 50. d5 a3 51. Bxa3 Kxa3 52. Kxc2 1-0

[Event "FRA-chT4 0405"]
[Site "Bretagne"]
[Date "2005.01.09"]
[Round "4"]
[White "Garans, Cyrille"]
[Black "Leroy, Christian"]
[Result "0-1"]
[WhiteElo "1640"]
[BlackElo "1330"]
[PlyCount "42"]
[EventDate "2004.04.03"]
[EventType "team-tourn"]
[EventRounds "7"]
[EventCountry "FRA"]
[SourceTitle "EXT 2007"]
[Source "ChessBase"]
[SourceDate "2006.11.23"]
[SourceVersion "1"]
[SourceVersionDate "2006.11.23"]
[SourceQuality "1"]

1. e4 e5 2. Bc4 Nf6 3. Nf3 Nc6 4. 0-0 d6 5. d4 Bg4 6. dxe5 Nxe5 7. Be2 Be7 8. Nxe5 Bxe2 9. Qxe2 dxe5 10. Qb5+ c6 11. Qxe5 0-0 12. Bg5 Re8 13. f3 Nxe4 14. Qxe4 Bxg5 15. Qb4 Be3+ 16. Kh1 Bb6 17. Nc3 Qd2 18. Rad1 Qxc2 19. Ne4 Rad8 20. Rc1 Qd3 21. Rfd1 Qxd1+ 0-1

[Event "Morbihan-ch 0304"]
[Site "Morbihan"]
[Date "2003.10.18"]
[Round "1"]
[White "Garans, Cyrille"]
[Black "Meysson, Jean Marc"]
[Result "0-1"]
[WhiteElo "1630"]
[BlackElo "1880"]
[PlyCount "78"]
[EventDate "2003.10.??"]
[EventType "swiss"]
[EventRounds "7"]
[EventCountry "FRA"]
[SourceTitle "EXT 2005"]
[Source "ChessBase"]
[SourceDate "2004.11.15"]
[SourceVersion "1"]
[SourceVersionDate "2004.11.15"]
[SourceQuality "1"]

1. e4 c5 2. Nf3 e6 3. d4 cxd4 4. Nxd4 Nf6 5. Nc3 d6 6. Be2 a6 7. a4 Be7 8. f4 Qc7 9. 0-0 Nc6 10. Be3 Bd7 11. Bf3 Nxd4 12. Bxd4 e5 13. Be3 Bc6 14. Qe1 0-0 15. Kh1 b5 16. g4 exf4 17. Bxf4 Rac8 18. axb5 axb5 19. Qg3 b4 20. g5 Nd7 21. Nd5 Bxd5 22. exd5 Rfe8 23. Rac1 Bf8 24. c4 bxc3 25. Rxc3 Qb8 26. Bg4 Rxc3 27. bxc3 Ne5 28. Bh3 Qb5 29. Bg2 g6 30. Qf2 Qb7 31. Qc2 Bg7 32. c4 Rc8 33. Bxe5 Bxe5 34. Be4 Qc7 35. Bd3 Ra8 36. Qb3 Rb8 37. Qc2 Rb2 38. Qa4 Rxh2+ 39. Kg1 Qc5+ 0-1

[Event "Morbihan-ch 0102"]
[Site "Morbihan"]
[Date "2002.01.12"]
[Round "3"]
[White "Garans, Cyrille"]
[Black "Tripoteau, Philippe"]
[Result "1-0"]
[WhiteElo "1520"]
[BlackElo "1460"]
[PlyCount "141"]
[EventDate "2001.10.20"]
[EventType "swiss"]
[EventRounds "7"]
[EventCountry "FRA"]
[SourceTitle "EXT 2005"]
[Source "ChessBase"]
[SourceDate "2004.11.15"]
[SourceVersion "1"]
[SourceVersionDate "2004.11.15"]
[SourceQuality "1"]

1. e4 e5 2. Nf3 Nc6 3. c3 Bc5 4. d4 exd4 5. cxd4 Bb4+ 6. Bd2 Bxd2+ 7. Nbxd2 Nf6 8. Bc4 Qe7 9. 0-0 0-0 10. e5 Ng4 11. h3 Nh6 12. Qc2 d5 13. Bxd5 Nb4 14. Qb3 Nxd5 15. Qxd5 c6 16. Qb3 Be6 17. Qd3 f6 18. Rae1 Bf5 19. Qc4+ Be6 20. Qe2 f5 21. Nc4 b5 22. Ncd2 Bxa2 23. b3 Qb4 24. Qd3 c5 25. dxc5 Qxc5 26. Ra1 Rad8 27. Qe2 Qc2 28. Rfc1 Qb2 29. Qd1 Rc8 30. Ne1 Rfd8 31. Rxc8 Rxc8 32. Nd3 Qc2 33. Qxc2 Rxc2 34. Nb4 Rxd2 35. Rxa2 Rxa2 36. Nxa2 Kf7 37. f4 Ke6 38. Nc3 a6 39. b4 Ng8 40. Kf2 Ne7 41. Ke3 Nc6 42. Na2 h6 43. Kd3 g5 44. g3 g4 45. hxg4 fxg4 46. Ke4 Ne7 47. Nc1 h5 48. Nd3 h4 49. gxh4 g3 50. Kf3 g2 51. Kxg2 Kf5 52. Kf3 Nc6 53. h5 a5 54. bxa5 Nxa5 55. Kg3 Nc6 56. h6 Kg6 57. Kg4 Kxh6 58. Kf5 Kg7 59. Ke6 b4 60. f5 Nd4+ 61. Kd5 Nxf5 62. Nxb4 Ne3+ 63. Kc6 Kf7 64. Kd7 Nc4 65. e6+ Kf6 66. Nd5+ Kg7 67. e7 Ne5+ 68. Ke6 Ng6 69. e8Q Kh7 70. Kf6 Nh8 71. Ne7 1-0